| 000 | 00567nam a2200241 a 4500 | ||
|---|---|---|---|
| 001 | nice12345678 | ||
| 003 | IN_TiNIC | ||
| 005 | 20260116012216.0 | ||
| 008 | 050524s1993 teha grp 000 0 per | ||
| 020 |
_a _c100 |
||
| 082 | 0 | 0 |
_a275.5 _bMIL |
| 100 | _aMiller, W M | ||
| 245 | _aTarikh Kalisiya-E-qadeem Dar Iran | ||
| 260 |
_aTehran _bNur-I-Jahan _c1993 |
||
| 300 | _a63p | ||
| 500 | _aincludes index and biblioraphy | ||
| 505 | 2 | _aIndex | |
| 650 | _aChurch-History Iran | ||
| 700 | 1 | _aMiller, W M | |
| 902 | _bSRS | ||
| 942 | _cBK | ||
| 999 |
_c6082 _d6082 |
||